| 000 | 00669nam a2200205 i 4500 | ||
|---|---|---|---|
| 001 | 104287 | ||
| 003 | ES-MaACL | ||
| 005 | 20250811063142.0 | ||
| 007 | t| | ||
| 008 | 051125s1983 sp ||||1| spa d | ||
| 020 | _a84-86207-01-0 | ||
| 100 | 1 |
_aMignet, François-Auguste-Alexis, _d1796-1884 _980989 |
|
| 245 | 1 | 0 |
_aAntonio Pérez y Felipe II / _cF. Mignet; edición y traducción a cargo de Aníbal Froufe. |
| 260 |
_aMadrid : _bEl Museo Universal, _c1983. |
||
| 300 |
_a370 p., 12 lám. ; _c20 cm. |
||
| 700 | 1 |
_aFroufe, Aníbal. _952758 |
|
| 852 |
_aES-MaACL _jL-6258 _bR.106927 |
||
| 852 |
_aES-MaACL _jL-10995 _bR.112154 |
||
| 999 |
_c104287 _d104287 |
||